Cartoon Reptiles - Statistics

General Stats
  • This quiz has been taken 78 times
  • The average score is 8 of 16
Answer Stats
Picture Answer % Correct
Barney
89%
Bowser
87%
Michelangelo
87%
Raphael
86%
Yoshi
86%
Donatello
83%
Leonardo
79%
Koopa Troopa
48%
Littlefoot
38%
Kaa
33%
Reptar
32%
Croc
24%
Tick-Tock
19%
Bert
5%
Crocubot
5%
Enaks
2%
No matching quizzes found
Score Distribution
Percent of People with Each Score
Percentile by Number Answered
Your Score History
You have not taken this quiz